Raymond Williams : writing, culture, politics

Αποθηκεύτηκε σε:
Λεπτομέρειες βιβλιογραφικής εγγραφής
Κύριος συγγραφέας: O'Connor, Alan
Μορφή: Βιβλίο
Γλώσσα:English
Δημοσίευση: Oxford : Basil Blackwell, c1989
Θέματα:
Ετικέτες: Προσθήκη ετικέτας
Δεν υπάρχουν, Καταχωρήστε ετικέτα πρώτοι!

MARC

LEADER 00000nam a2200000 i 4500
001 1/68896
008 931209s eng d
020 |a 0-631-16589-4 
035 |a ΛΕΣΒΟΣb10002149  |l 10002149 
040 |a GR-MY-UA  |b gre  |e aacr 
041 0 |a eng 
082 0 |a 828.91409 
100 1 |a O'Connor, Alan. 
245 1 0 |a Raymond Williams :  |b writing, culture, politics /  |c Alan O'Connor 
260 |a Oxford :   |b Basil Blackwell,   |c c1989 
300 |a 180 p. 
504 |a Includes bibliographical references and index 
600 1 0 |a Williams Raymond  |x Criticism and interpretation. 
852 |a INST  |b LESVOS  |e 19931209  |h 828.91409 OCO  |p 005100005119  |q 005100005119  |t BK  |y 0 
909 |a Λ  |b 032808